01190nam a2200205 a 450000100080000000500110000800800410001910000210006024500960008126000980017752005980027565000110087365000120088465000230089665000200091965000100093965300110094965300120096065300120097214788252025-06-12 1980 bl uuuu u00u1 u #d1 aFERNANDES, F. T. aMíldio do sorgo Sclerospora sorghi (kulk) Weston e Uppal no Brasil.h[electronic resource] aIn: ENCONTRO NACIONAL DE FITOSSANITARISTAS, 1., 1980, Campinas. Anais... Campinas: CATIc1980 aO mildio do sorgo é uma doença que ocorre praticamente em todas as re giões onde se cultivam milho e sorgo. Das seis espécies de Scl eroepova e duas de ScZerophthora que causam esta doençê, a que ocorre no Brasil é a Sclerospora sorghi tendo sido já constatada nos estados do Rio Grande do Sul, são Paulo e Santa Catarina. Este patogeno apresenta como hospedeiros principais o milho e o sorgo, causando a esterilidade das plantas alem de outros sintomas típicos.P~ de sobreviver no solo por varios anos e sua disseminação se dã principalmente a traves das sementes e pelos ventos. aBrazil aMíldio aSclerospora Sorghi aSorghum Bicolor aSorgo aBrasil aDisease aDoencas